[Event "ZN-2017-0-03491"]
[Site "LSS email"]
[Date "2017.01.09"]
[Round "?"]
[White "Balazs, Gabor"]
[Black "Bearce, Harold L"]
[Result "1-0"]
[WhiteElo "857"]
[BlackElo "242"]
[PlyCount "31"]
[EventDate "2017.01.03"]
[EventType "match (corr)"]
[EventRounds "2"]
[EventCountry "GER"]
[SourceTitle "Corr 2022"]
[Source "ChessBase"]
[SourceDate "2021.10.24"]
[SourceVersion "1"]
[SourceVersionDate "2021.10.24"]
[SourceQuality "1"]

1. e4 c6 2. d4 d5 3. exd5 cxd5 4. Nc3 Bf5 5. Bd3 Bxd3 6. Qxd3 e6 7. Nf3 a6 8. 0-0 Be7 9. Re1 Nf6 10. h3 b5 11. b4 Nc6 12. a3 0-0 13. Ne5 Rc8 14. Re3 Bd6 15. Rg3 Nd7 16. Bh6 1-0

[Event "ZN-2017-0-03491"]
[Site "LSS email"]
[Date "2017.01.09"]
[Round "?"]
[White "Bearce, Harold L"]
[Black "Balazs, Gabor"]
[Result "0-1"]
[WhiteElo "242"]
[BlackElo "857"]
[PlyCount "28"]
[EventDate "2017.01.03"]
[EventType "match (corr)"]
[EventRounds "2"]
[EventCountry "GER"]
[SourceTitle "Corr 2022"]
[Source "ChessBase"]
[SourceDate "2021.10.24"]
[SourceVersion "1"]
[SourceVersionDate "2021.10.24"]
[SourceQuality "1"]

1. e4 e5 2. Nf3 Nc6 3. Bc4 Bc5 4. c3 Nf6 5. d4 exd4 6. cxd4 Bb4+ 7. Bd2 0-0 8. h3 a6 9. Nc3 Re8 10. a3 Bxc3 11. Bxc3 b5 12. Bd3 d6 13. Bd2 Nxe4 14. Bxe4 d5 0-1

[Event "LSS No Engine Cup 165 Preliminary 0"]
[Site "LSS email"]
[Date "2017.01.09"]
[Round "?"]
[White "Lonyuk, Bohdan"]
[Black "Bearce, Harold L"]
[Result "1-0"]
[WhiteElo "1445"]
[BlackElo "872"]
[PlyCount "29"]
[EventDate "2017.01.10"]
[EventType "tourn (corr)"]
[EventRounds "6"]
[EventCountry "GER"]
[SourceTitle "Corr 2022"]
[Source "ChessBase"]
[SourceDate "2021.10.24"]
[SourceVersion "1"]
[SourceVersionDate "2021.10.24"]
[SourceQuality "1"]

1. e4 c6 2. d4 d5 3. e5 Bf5 4. Nc3 h6 5. g4 Bh7 6. e6 fxe6 7. Nf3 Nd7 8. Bd3 Ngf6 9. Qe2 Bxd3 10. Qxd3 Qc7 11. Qg6+ Kd8 12. Ne2 Kc8 13. Nf4 Nb6 14. Nxe6 Kd7 15. Nxc7 1-0

[Event "SN-2016-0-00821"]
[Site "LSS email"]
[Date "2016.12.31"]
[Round "?"]
[White "Bearce, Harold L"]
[Black "Strnad, Pavel"]
[Result "0-1"]
[WhiteElo "246"]
[BlackElo "500"]
[PlyCount "44"]
[EventDate "2016.12.11"]
[EventType "tourn (corr)"]
[EventRounds "6"]
[EventCountry "GER"]
[SourceTitle "Corr 2022"]
[Source "ChessBase"]
[SourceDate "2021.10.24"]
[SourceVersion "1"]
[SourceVersionDate "2021.10.24"]
[SourceQuality "1"]

1. e4 d6 2. d4 Nf6 3. Bd3 g6 4. Nf3 Bg4 5. 0-0 Bg7 6. c3 Nbd7 7. Nbd2 0-0 8. Be2 c6 9. h3 Bxf3 10. Bxf3 e5 11. dxe5 Nxe5 12. Be2 Qd7 13. Nc4 Nxe4 14. Be3 Nxc4 15. Bxc4 b5 16. Bd3 Nf6 17. Qd2 a5 18. g3 Qxh3 19. a3 Rfe8 20. b4 axb4 21. cxb4 Ng4 22. Rab1 Qh2# 0-1

[Event "SN-2016-0-00821"]
[Site "LSS email"]
[Date "2016.12.31"]
[Round "?"]
[White "Molina, Vicente Andres"]
[Black "Bearce, Harold L"]
[Result "1-0"]
[WhiteElo "722"]
[BlackElo "246"]
[PlyCount "45"]
[EventDate "2016.12.11"]
[EventType "tourn (corr)"]
[EventRounds "6"]
[EventCountry "GER"]
[SourceTitle "Corr 2022"]
[Source "ChessBase"]
[SourceDate "2021.10.24"]
[SourceVersion "1"]
[SourceVersionDate "2021.10.24"]
[SourceQuality "1"]

1. e4 c6 2. d4 d5 3. Nc3 dxe4 4. Nxe4 Bf5 5. Ng3 Bg6 6. Nf3 h6 7. Bd3 Bxd3 8. Qxd3 e6 9. 0-0 Be7 10. c4 Nf6 11. Re1 Na6 12. a3 Rc8 13. b4 Rc7 14. Bb2 0-0 15. Rad1 Bd6 16. Ne5 Qe7 17. f4 Rd8 18. f5 Bxe5 19. dxe5 Rxd3 20. exf6 Qd7 21. Rxd3 Qxd3 22. fxe6 g6 23. exf7+ 1-0

[Event "SN-2016-0-00821"]
[Site "LSS email"]
[Date "2016.12.30"]
[Round "?"]
[White "Bearce, Harold L"]
[Black "Suarez, Idalmis"]
[Result "0-1"]
[WhiteElo "246"]
[BlackElo "2534"]
[PlyCount "20"]
[EventDate "2016.12.11"]
[EventType "tourn (corr)"]
[EventRounds "6"]
[EventCountry "GER"]
[SourceTitle "Corr 2022"]
[Source "ChessBase"]
[SourceDate "2021.10.24"]
[SourceVersion "1"]
[SourceVersionDate "2021.10.24"]
[SourceQuality "1"]

1. e4 e6 2. d4 d5 3. Nc3 Bb4 4. e5 c5 5. a3 Bxc3+ 6. bxc3 Ne7 7. Qg4 0-0 8. Bd3 Nbc6 9. Be3 c4 10. Bh6 Ng6 0-1

[Event "SN-2016-0-00820"]
[Site "LSS email"]
[Date "2016.12.29"]
[Round "?"]
[White "Bearce, Harold L"]
[Black "Venturas, Bob"]
[Result "0-1"]
[WhiteElo "247"]
[BlackElo "533"]
[PlyCount "46"]
[EventDate "2016.12.06"]
[EventType "tourn (corr)"]
[EventRounds "6"]
[EventCountry "GER"]
[SourceTitle "Corr 2022"]
[Source "ChessBase"]
[SourceDate "2021.10.24"]
[SourceVersion "1"]
[SourceVersionDate "2021.10.24"]
[SourceQuality "1"]

1. e4 e5 2. Nf3 Nc6 3. Bc4 h6 4. d3 Nf6 5. Nc3 Bc5 6. h3 a6 7. Bd2 d6 8. Be3 Bb4 9. Bd2 0-0 10. Be3 Be6 11. Bd2 Bxc4 12. dxc4 Bxc3 13. Bxc3 Nxe4 14. Qd3 f5 15. b3 Ne7 16. Nd2 Nc5 17. Qe2 Ng6 18. Nf3 Nf4 19. Qd1 Nxg2+ 20. Ke2 Ne4 21. Bb2 c6 22. Rg1 Nf4+ 23. Kf1 Nxh3 0-1

[Event "OP-2016-0-04243"]
[Site "LSS email"]
[Date "2016.12.28"]
[Round "?"]
[White "Bordenave, Roberto"]
[Black "Bearce, Harold L"]
[Result "1-0"]
[WhiteElo "800"]
[BlackElo "242"]
[PlyCount "37"]
[EventDate "2016.12.24"]
[EventType "tourn (corr)"]
[EventRounds "4"]
[EventCountry "GER"]
[SourceTitle "Corr 2022"]
[Source "ChessBase"]
[SourceDate "2021.10.24"]
[SourceVersion "1"]
[SourceVersionDate "2021.10.24"]
[SourceQuality "1"]

1. d4 d5 2. Nf3 c6 3. e3 e6 4. c4 Nd7 5. Nbd2 Be7 6. b3 g6 7. Bb2 Ngf6 8. Bd3 0-0 9. 0-0 c5 10. Ne5 cxd4 11. exd4 Nb6 12. c5 Nbd7 13. f4 b6 14. Rc1 Qc7 15. c6 Nb8 16. Ndf3 Ne8 17. Ng5 f6 18. Nxh7 Kxh7 19. Qh5+ 1-0

[Event "SN-2016-0-00820"]
[Site "LSS email"]
[Date "2016.12.28"]
[Round "?"]
[White "Chura, Michal"]
[Black "Bearce, Harold L"]
[Result "1-0"]
[WhiteElo "1085"]
[BlackElo "247"]
[PlyCount "35"]
[EventDate "2016.12.06"]
[EventType "tourn (corr)"]
[EventRounds "6"]
[EventCountry "GER"]
[SourceTitle "Corr 2022"]
[Source "ChessBase"]
[SourceDate "2021.10.24"]
[SourceVersion "1"]
[SourceVersionDate "2021.10.24"]
[SourceQuality "1"]

1. f4 d5 2. Nf3 Nf6 3. e3 e6 4. b3 Be7 5. Bb2 0-0 6. Bd3 c6 7. 0-0 c5 8. Ne5 b6 9. Rf3 Bb7 10. Rh3 g6 11. Qe1 Nc6 12. Nxc6 Bxc6 13. Qh4 h5 14. Qg3 a5 15. f5 Kh7 16. fxg6+ Kg7 17. gxf7+ Kxf7 18. Qg6# 1-0

[Event "SN-2016-0-00819"]
[Site "LSS email"]
[Date "2016.12.18"]
[Round "?"]
[White "Masek, Lubos"]
[Black "Bearce, Harold L"]
[Result "1-0"]
[WhiteElo "988"]
[BlackElo "249"]
[PlyCount "41"]
[EventDate "2016.12.03"]
[EventType "tourn (corr)"]
[EventRounds "6"]
[EventCountry "GER"]
[SourceTitle "Corr 2022"]
[Source "ChessBase"]
[SourceDate "2021.10.24"]
[SourceVersion "1"]
[SourceVersionDate "2021.10.24"]
[SourceQuality "1"]

1. d4 d5 2. Nf3 c6 3. h3 e6 4. e3 Be7 5. c4 Nd7 6. a3 Ngf6 7. Nc3 0-0 8. Bd3 c5 9. 0-0 Nb6 10. dxc5 dxc4 11. cxb6 cxd3 12. bxa7 Rxa7 13. Ne5 Qd6 14. Nxd3 Rd8 15. Nf4 Qxd1 16. Rxd1 Rxd1+ 17. Nxd1 Ne4 18. b4 Nd6 19. Bb2 Nc4 20. Bd4 Bd7 21. Bxa7 1-0

[Event "SN-2016-0-00816"]
[Site "LSS email"]
[Date "2016.12.07"]
[Round "?"]
[White "Molina, Vicente Andres"]
[Black "Bearce, Harold L"]
[Result "1-0"]
[WhiteElo "750"]
[BlackElo "249"]
[PlyCount "27"]
[EventDate "2016.11.24"]
[EventType "tourn (corr)"]
[EventRounds "6"]
[EventCountry "GER"]
[SourceTitle "Corr 2022"]
[Source "ChessBase"]
[SourceDate "2021.10.24"]
[SourceVersion "1"]
[SourceVersionDate "2021.10.24"]
[SourceQuality "1"]

1. e4 c6 2. d4 d5 3. Nc3 e6 4. e5 Be7 5. f4 f5 6. exf6 Nxf6 7. Nf3 Nbd7 8. Bd3 Nb6 9. 0-0 0-0 10. Ne5 Nbd7 11. g4 Nb6 12. g5 Nfd7 13. Qh5 Qe8 14. Qxh7# 1-0

[Event "SN-2016-0-00816"]
[Site "LSS email"]
[Date "2016.12.06"]
[Round "?"]
[White "Bearce, Harold L"]
[Black "Venturas, Bob"]
[Result "0-1"]
[WhiteElo "249"]
[BlackElo "540"]
[PlyCount "42"]
[EventDate "2016.11.24"]
[EventType "tourn (corr)"]
[EventRounds "6"]
[EventCountry "GER"]
[SourceTitle "Corr 2022"]
[Source "ChessBase"]
[SourceDate "2021.10.24"]
[SourceVersion "1"]
[SourceVersionDate "2021.10.24"]
[SourceQuality "1"]

1. e4 e5 2. Nf3 Nc6 3. Bc4 h6 4. a3 Nf6 5. h3 Nxe4 6. d3 Nf6 7. Be3 d5 8. Ba2 Be6 9. Qd2 Bd6 10. 0-0 0-0 11. Qe2 d4 12. Bc1 Nd5 13. b4 a6 14. Bd2 f5 15. Qe1 f4 16. Qc1 Qe8 17. Kh2 Nce7 18. g4 fxg3+ 19. fxg3 Qg6 20. Qd1 e4 21. dxe4 Qxg3+ 0-1

[Event "SN-2016-0-00816"]
[Site "LSS email"]
[Date "2016.12.06"]
[Round "?"]
[White "Neumann, Otto"]
[Black "Bearce, Harold L"]
[Result "1-0"]
[WhiteElo "957"]
[BlackElo "249"]
[PlyCount "35"]
[EventDate "2016.11.24"]
[EventType "tourn (corr)"]
[EventRounds "6"]
[EventCountry "GER"]
[SourceTitle "Corr 2022"]
[Source "ChessBase"]
[SourceDate "2021.10.24"]
[SourceVersion "1"]
[SourceVersionDate "2021.10.24"]
[SourceQuality "1"]

1. d4 d5 2. Nf3 c6 3. Bf4 h6 4. e3 Bf5 5. Bd3 e6 6. Nbd2 Be7 7. Ne5 Nf6 8. h3 Nbd7 9. Ndf3 Bxd3 10. Qxd3 Bd6 11. c4 0-0 12. 0-0 Ne4 13. Rac1 Rc8 14. a3 Qe7 15. b4 a6 16. Rc2 Qd8 17. Rfc1 Qb6 18. c5 1-0

[Event "OP-2016-0-04222"]
[Site "LSS email"]
[Date "2016.12.05"]
[Round "?"]
[White "Bearce, Harold L"]
[Black "Buecker, Juergen"]
[Result "0-1"]
[WhiteElo "249"]
[BlackElo "2462"]
[PlyCount "46"]
[EventDate "2016.11.29"]
[EventType "tourn (corr)"]
[EventRounds "4"]
[EventCountry "GER"]
[SourceTitle "Corr 2022"]
[Source "ChessBase"]
[SourceDate "2021.10.24"]
[SourceVersion "1"]
[SourceVersionDate "2021.10.24"]
[SourceQuality "1"]

1. e4 e5 2. Nf3 Nc6 3. Bc4 Bc5 4. c3 Nf6 5. d3 d6 6. a3 a6 7. h3 b5 8. Ba2 Bb6 9. Be3 Bxe3 10. fxe3 0-0 11. 0-0 Ne7 12. Nbd2 Ng6 13. b4 a5 14. Qc2 Bd7 15. c4 bxc4 16. bxa5 cxd3 17. Qc3 Qb8 18. Rfb1 Qa7 19. Rb4 Qxe3+ 20. Kh1 Bxh3 21. gxh3 c5 22. Kg2 Nh5 23. Re1 Ngf4+ 0-1

[Event "ZN-2016-0-03463"]
[Site "LSS email"]
[Date "2016.12.04"]
[Round "?"]
[White "Bearce, Harold L"]
[Black "Lenz, Juergen"]
[Result "0-1"]
[WhiteElo "249"]
[BlackElo "1018"]
[PlyCount "48"]
[EventDate "2016.12.01"]
[EventType "match (corr)"]
[EventRounds "2"]
[EventCountry "GER"]
[SourceTitle "Corr 2022"]
[Source "ChessBase"]
[SourceDate "2021.10.24"]
[SourceVersion "1"]
[SourceVersionDate "2021.10.24"]
[SourceQuality "1"]

1. e4 Nf6 2. e5 Nd5 3. d4 d6 4. Nf3 Nc6 5. c4 Nb6 6. b3 dxe5 7. dxe5 Qxd1+ 8. Kxd1 Bg4 9. Be2 0-0-0+ 10. Ke1 Bxf3 11. Bxf3 Nxe5 12. Be2 Ng6 13. Be3 e5 14. Nc3 Bb4 15. Bd2 Nf4 16. Bf3 Nd3+ 17. Kf1 f5 18. a3 Be7 19. Be3 e4 20. Be2 Bf6 21. Bxd3 Rxd3 22. Rc1 Rhd8 23. Ke2 Bxc3 24. Bxb6 axb6 0-1

[Event "OP-2016-0-04209"]
[Site "LSS email"]
[Date "2016.11.14"]
[Round "?"]
[White "Bearce, Harold L"]
[Black "Masek, Lubos"]
[Result "0-1"]
[WhiteElo "251"]
[BlackElo "962"]
[PlyCount "32"]
[EventDate "2016.11.09"]
[EventType "tourn (corr)"]
[EventRounds "4"]
[EventCountry "GER"]
[SourceTitle "Corr 2022"]
[Source "ChessBase"]
[SourceDate "2021.10.24"]
[SourceVersion "1"]
[SourceVersionDate "2021.10.24"]
[SourceQuality "1"]

1. e4 c5 2. Nf3 d6 3. d4 cxd4 4. Nxd4 Nf6 5. h3 e6 6. Be3 a6 7. Nc3 b5 8. Qd2 Bb7 9. Be2 Be7 10. f4 Nc6 11. Bd3 0-0 12. 0-0 Qd7 13. g4 e5 14. Nxc6 Bxc6 15. Rf3 b4 16. Ne2 Bxe4 0-1